Great Literature #24 - Statistics

General Stats
  • This quiz has been taken 152 times
  • The average score is 9 of 20
Answer Stats
Hint Explanation Answer % Correct
Moll Flanders 1722 Daniel Defoe
83%
The Maltese Falcon 1930 Dashiell Hammett
73%
Tarzan of the Apes 1912 Edgar Rice Burroughs
72%
I Ching late 9th century BCE anonymous
69%
The Poisonwood Bible 1998 Barbara Kingsolver
69%
The Red Badge of Courage 1895 Stephen Crane
62%
A Heartbreaking Work of Staggering Genius 2000 Dave Eggers
52%
Possession 1990 A. S. Byatt
44%
The Persians 472 BCE Aeschylus
43%
The Omnivore's Dilemma 2006 Michael Pollan
42%
Philoctetes 409 BCE Sophocles
38%
A Long Way Gone: Memoirs of a Boy Soldier 2007 Ishmael Beah
36%
The Killer Angels 1974 Michael Shaara
35%
Nature and Destiny of Man: A Christian Interpretation 1943 Reinhold Niebuhr
35%
The Frontier in American History 1920 Frederick Jackson Turner
33%
Common Ground: A Turbulent Decade in the Lives of Three American Families 1985 J. Anthony Lukas
26%
Up in the Old Hotel 1992 Joseph Mitchell
26%
In the Heart of the Sea: The Tragedy of the Whaleship Essex 2000 Nathaniel Philbrick
19%
Aspasia 1834 Giacomo Leopardi
17%
Main Currents in American Thought 1927 Vernon L. Parrington
12%
No matching quizzes found
Score Distribution
Percent of People with Each Score
Percentile by Number Answered
Your Score History
You have not taken this quiz